| 000 | 00343nam a2200121Ia 4500 | ||
|---|---|---|---|
| 008 | 191201s2018 xx 000 0 und d | ||
| 100 | _aPRASAD,Mahesh and Other | ||
| 245 | 0 | _aPractical book of Human anatomy and Physiology I | |
| 260 |
_bNirali Pub _aNew Delhi _c2018 |
||
| 300 | _aMISC | ||
| 650 | _aHuman Anatomy & Physiology | ||
| 942 |
_2ddc _cBK |
||
| 999 |
_c8286 _d8286 |
||